Словарь русского языка: 70 000 слов

Chi tiết về thư mục
Tác giả chính: Ожегов С. И. Сергей Иванович
Tác giả của công ty: Академия наук СССР (АН СССР) Институт русского языка им. В. В. Виноградова (ИРЯ)
Tác giả khác: Шведова Н. Ю. (редактор)
Tóm tắt:Однотомный толковый словарь современного русского языка содержит 70 тыс. слов. В словарной статье даются краткие толкования значений слова, примеры его употребления в речи, фразеологические сочетания. Приводятся основные грамматические формы слова, стилистические пометы, указывающие на сферу его употребления. Отмечается ударение и в отдельных случаях произношение. В статье приводятся производные слова. В настоящем издании словаря, переработанном и дополненном, нашли свое отражение те изменения, которые произошли в языке в последние десятилетия. Включено большое количество новых слов (13 тыс.), новых значений, уточнены и пополнены сведения о словах. Словарь предназначен как для широкого круга читателей, так и для специалистов-филологов.
Ngôn ngữ:Tiếng Nga
Được phát hành: Москва, Русский язык, 1989
Phiên bản:21-е изд., перераб. и доп.
Những chủ đề:
Định dạng: Sách
KOHA link:https://koha.lib.tpu.ru/cgi-bin/koha/opac-detail.pl?biblionumber=81719

MARC

LEADER 00000nam0a2200000 4500
001 81719
005 20231031095255.0
010 |a 5200000483 
035 |a (RuTPU)RU\TPU\book\87829 
090 |a 81719 
100 |a 20050922d1989 km y0rusy50 ca 
101 0 |a rus 
102 |a RU 
105 |a y e 000zy 
200 1 |a Словарь русского языка  |e 70 000 слов  |f С. И. Ожегов  |g Академия наук СССР. Институт русского языка; под ред. Н. Ю. Шведовой 
205 |a 21-е изд., перераб. и доп. 
210 |a Москва  |c Русский язык  |d 1989 
215 |a 924 с. 
318 |5 63413507  |a Великий и могучий…  |b выставка 
330 |a Однотомный толковый словарь современного русского языка содержит 70 тыс. слов. В словарной статье даются краткие толкования значений слова, примеры его употребления в речи, фразеологические сочетания. Приводятся основные грамматические формы слова, стилистические пометы, указывающие на сферу его употребления. Отмечается ударение и в отдельных случаях произношение. В статье приводятся производные слова. В настоящем издании словаря, переработанном и дополненном, нашли свое отражение те изменения, которые произошли в языке в последние десятилетия. Включено большое количество новых слов (13 тыс.), новых значений, уточнены и пополнены сведения о словах. Словарь предназначен как для широкого круга читателей, так и для специалистов-филологов. 
610 1 |a русский язык 
610 1 |a лексика 
610 1 |a толковые словари 
610 1 |a словари 
686 |a Ш141.2  |v LBC/SL-A  |2 rubbk 
700 1 |a Ожегов  |b С. И.  |g Сергей Иванович 
702 1 |a Шведова  |b Н. Ю.  |4 340 
712 0 2 |a Академия наук СССР (АН СССР)  |b Институт русского языка им. В. В. Виноградова (ИРЯ)  |c (Москва)  |2 stltpush  |3 (RuTPU)RU\TPU\col\12016 
801 1 |a RU  |b 63413507  |c 20050922  |g PSBO 
801 2 |a RU  |b 63413507  |c 20181029  |g PSBO 
942 |c BK